Biblioteca

Disfruta con la mitología (Registro nro. 67825)

Detalles MARC
000 -LÍDER
Campo fijo de descripción fija 00866nam a22002537a 4500
001 - NÚMERO DE CONTROL
Campo de control BINCO
003 - IDENTIFICADOR DEL NÚMERO DE CONTROL
Campo de control CO-MdBIC
005 - FECHA Y HORA DE LA ULTIMA TRANSACCIÓN
control field 20220427162505.0
008 - ELEMENTOS DE LONGITUD FIJA -- INFORMACIÓN GENERAL
Campo fijo de descripción fija -- Información general 220427b2008 spaa|||| |||| 00| 0 spa d
020 ## - NÚMERO INTERNACIONAL NORMALIZADO PARA LIBROS
Número Internacional Normalizado del libro 9788423688142
040 ## - FUENTE DE CATALOGACIÓN
Agencia de catalogación original CO-MdBIC
Idioma de catalogación spa.
Agencia que realiza la transcripción CO-MdBIC
Agencia que realiza la modificación CO-MdBIC
041 ## - CÓDIGO DE IDIOMA
Código de idioma para texto/pista de sonido o título separado spa
082 ## - NÚMERO DE CLASIFICACIÓN DECIMAL DEWEY
Número de la edición del Dewey 22
Número de clasificación 398.2
Clave de autor-Numero de item G216
100 ## - ASIENTO PRINCIPAL--NOMBRE PERSONAL
Nombre personal García Sabatés, Berta
245 ## - TÍTULO
Título del Material Disfruta con la mitología
Mención de responsabilidad, etc. /García Sabatés, Berta, escritora
250 ## - MENCIÓN DE EDICIÓN
Mención de edición Primera edición
260 1# - PUBLICACIÓN, DISTRIBUCIÓN, ETC. (PIE DE IMPRENTA)
Lugar de publicación, distribución, etc. Barcelona, España:
Nombre del editor, distribuidor, etc. edebé,
Fecha de publicación, distribución, etc. [2008]
260 4# - PUBLICACIÓN, DISTRIBUCIÓN, ETC. (PIE DE IMPRENTA)
Lugar de publicación, distribución, etc. © 2008
300 ## - DESCRIPCIÓN FÍSICA
Extensión 95 paginas;
Otros detalles físicos ilustraciones a color:
Dimensiones 27 cm.
500 ## - NOTA GENERAL
Nota General Aprende los valores de las historias de los dioses y los héroes de la mitología griega con actividades, juegos y manualidades muy divertidas.
650 ## - ASIENTO SECUNDARIO DE MATERIA - TERMINO TEMÁTICO
Subdivisión general mitología
700 ## - ASIENTO SECUNDARIO - NOMBRE PERSONAL
Nombre personal Rovira, Francesc,
Fechas asociadas con el nombre 1958
Responsabilidad ilustrador
942 ## - TIPO DE MATERIAL (KOHA)
Tipo de Item KOHA Z- Libro General BINCO

No hay ítems disponibles.

Biblioteca FUSBC | Teléfono: (57+4) 349 88 10 Ext. 141| WhatsApp (+57) 3005338115 
E-mail: biblioteca@unisbc.edu.co | Calle 76 87-14 Robledo Palenque, Medellín, Colombia

Con tecnología Koha